El teatro anterior a Lope de Vega / (Record no. 128852)

MARC details
000 -LEADER
campo de control de longitud fija 01115nam a2200217 i 4500
001 - NÚMERO DE CONTROL
campo de control 128852
003 - IDENTIFICADOR DE NÚMERO DE CONTROL
campo de control ES-MaACL
005 - FECHA Y HORA DE LA ÚLTIMA TRANSACCIÓN
campo de control 20230906193356.0
007 - CAMPO FIJO DE DESCRIPCIÓN FÍSICA--INFORMACIÓN GENERAL
campo de control de longitud fija t|
008 - DATOS DE LONGITUD FIJA--INFORMACIÓN GENERAL
campo de control de longitud fija 070529s1971 sp |||| | spa d
080 ## - NÚMERO DE LA CLASIFICACIÓN DECIMAL UNIVERSAL
Número de la Clasificación Decimal Universal 860-2"11/15"(082.2)
245 03 - MENCIÓN DEL TÍTULO
Título El teatro anterior a Lope de Vega /
Mención de responsabilidad, etc. Everatt W. Hesse y Juan O. Valencia.
260 ## - PUBLICACIÓN, DISTRIBUCIÓN, ETC.
Lugar de publicación, distribución, etc. Madrid :
Nombre del editor, distribuidor, etc. Alcalá,
Fecha de publicación, distribución, etc. [1971]
300 ## - DESCRIPCIÓN FÍSICA
Extensión 416 p. ;
Dimensiones 18 cm.
505 8# - NOTA DE CONTENIDO CON FORMATO
Nota de contenido con formato Contiene: El Auto de los Reyes Magos.-- La representación del nacimiento de Nuestro Señor / Gómez Manrique.-- Auto del Repelón. Egloga de Fileno y Zambardo / Juan de Encina.-- Auto de la Pasión / Lucas Fernández.-- Tragicomedia de don Duardos / Gil Vicente.-- Las aceitunas / Lope de Rueda.-- Comedia Ymenea / Torres Naharro.-- Auto de la Fee / Juan de Timoneda.-- El Infamador / Juan de la Cueva.-- La cueva de Salamanca. El retablo de las maravillas / Cervantes
650 #4 - PUNTO DE ACCESO ADICIONAL DE MATERIA--TÉRMINO DE MATERIA
Término de materia o nombre geográfico como elemento de entrada Teatro español-
Subdivisión cronológica Hasta S.XV.
9 (RLIN) 17344
650 #4 - PUNTO DE ACCESO ADICIONAL DE MATERIA--TÉRMINO DE MATERIA
Término de materia o nombre geográfico como elemento de entrada Teatro español-
Subdivisión cronológica S.XVI-XVII.
9 (RLIN) 17350
700 1# - ENTRADA AGREGADA--NOMBRE PERSONAL
Nombre de persona Hesse, Everett Wesley.
9 (RLIN) 63470
700 1# - ENTRADA AGREGADA--NOMBRE PERSONAL
Nombre de persona Cueva, Juan de la.
9 (RLIN) 146967
852 ## - LOCALIZACIÓN
Ubicación ES-MaACL
Número de control de estantería C-40419
Holdings
Estatus retirado Estado de pérdida Estado de daño No para préstamo Biblioteca de origen Biblioteca actual Ubicación en estantería Fecha de adquisición Fuente de adquisición Total de préstamos Signatura topográfica completa Código de barras Visto por última vez Precio de reemplazo Tipo de ítem Koha
        Biblioteca del Ateneo de Madrid Biblioteca del Ateneo de Madrid Depósito 2 17/01/2008     C-40419 1134186 23/02/2023 23/02/2023 Libro impreso